=LDR 00000nam 2200000 4500 =001 INLIS000000000023026 =005 20130612121724 =008 ***********************************Ind** =035 ##$$0010-061300000023026 =041 ##$$a Ind =082 ##$$a 2x7.3 =090 ##$$a 2x7.3, Tur p =100 ##$$a Turmudi, Endang =245 ##$$a Perselingkuhan kiai dan kekuasaan, Dr. Endang Turmudi =260 ##$$a 2004 $b Yogyakarta =300 ##$$a xv, 348 hlm, 21 cm =650 ##$$a Kiai dan pesantren =850 ##$$a NBPNMAT